|
|
|
|
| LEADER |
01188nam a2200289 a 4500 |
| 008 |
091027s2003 pk lb 001 0 eng d |
| 040 |
|
|
|a DLC
|c DLC
|d DLC
|
| 082 |
0 |
0 |
|a 346.549104/38
|2 22
|
| 110 |
1 |
|
|a Pakistan.
|
| 240 |
1 |
0 |
|a Transfer of Property Act,1882
|
| 245 |
1 |
0 |
|a Transfer of Property Act /
|c by Shaukat Mahmood, Nadeem Shaukat.
|
| 250 |
|
|
|a 3rd ed.
|
| 260 |
|
|
|a Lahore :
|b Legal Research Centre,
|c 2003.
|
| 300 |
|
|
|a viii, 1083 p. ;
|c 24 cm.
|
| 500 |
|
|
|a Previous ed.: Lahore : Legal Research Centre, 2003.
|
| 504 |
|
|
|a Includes bibliographical references and index.
|
| 541 |
1 |
|
|e 00010433
|
| 650 |
|
0 |
|a Vendors and purchasers
|z Pakistan.
|
| 650 |
|
0 |
|a Land titles
|x Registration and transfer
|z Pakistan.
|
| 650 |
|
0 |
|a Mortgages
|z Pakistan.
|
| 650 |
|
0 |
|a Assignments (Law)
|z Pakistan.
|
| 650 |
|
0 |
|a Transfer (Law)
|z Pakistan.
|
| 700 |
1 |
|
|a Mahmood, Shaukat.
|
| 700 |
1 |
|
|a Shaukat, Nadeem.
|
| 852 |
4 |
|
|a Ayesha Abed Library
|j General shelf
|
| 999 |
|
|
|c 4881
|d 4881
|
| 952 |
|
|
|0 0
|1 0
|2 ddc
|4 0
|6 346_549104380000000_TRA_2003
|7 0
|9 4703
|a BRACUL
|b BRACUL
|c GEN
|d 2009-10-27
|g 0.00
|l 12
|m 34
|o 346.54910438 TRA
|p 3010010433
|r 2025-03-05
|s 2025-02-23
|t 1
|w 2009-10-27
|y BK
|x No price found in the accession register.
|